CvSU-CCAT Campus Virtual Learning Management System (CvLMS) / (Record no. 3268)

MARC details
000 -LEADER
fixed length control field 02697nam a22003257a 4500
003 - CONTROL NUMBER IDENTIFIER
control field OSt
005 - DATE AND TIME OF LATEST TRANSACTION
control field 20240513031616.0
008 - FIXED-LENGTH DATA ELEMENTS--GENERAL INFORMATION
fixed length control field 240506b ||||| |||| 00| 0 eng d
040 ## - CATALOGING SOURCE
Language of cataloging English.
Transcribing agency CvSU-CCAT Campus Library.
Description conventions rda.
050 ## - LIBRARY OF CONGRESS CALL NUMBER
Classification number UM LB 2395.7
Item number Es87 2018
100 ## - MAIN ENTRY--PERSONAL NAME
Personal name Espiritu, Jessie James M., author.
9 (RLIN) 11939
245 ## - TITLE STATEMENT
Title CvSU-CCAT Campus Virtual Learning Management System (CvLMS) /
Statement of responsibility, etc. Jessie James M. Espiritu and Evangeline L. Megio.
260 ## - PUBLICATION, DISTRIBUTION, ETC.
Place of publication, distribution, etc. Rosario, Cavite :
Name of publisher, distributor, etc. Cavite State University-CCAT Campus,
Date of publication, distribution, etc. 2018.
300 ## - PHYSICAL DESCRIPTION
Extent xii, 141 leaves :
Other physical details illustrations ;
Dimensions 28 cm
500 ## - GENERAL NOTE
General note A Capstone Project (BSInfoTech) -- Cavite State University-CCAT Campus, 2018.
504 ## - BIBLIOGRAPHY, ETC. NOTE
Bibliography, etc. note Includes bibliographical references and appendices.
520 ## - SUMMARY, ETC.
Thesis Abstract <a href="ESPIRITU, JESSIE JAMES M. AND MEGIO, EVANGELINE L. Development of CVSU-CCAT VIRTUAL LEARNING MANAGEMENT SYSTEM. Design Project. Bachelor of Science in Information Technology. Cavite State University-CCAT Campus, Rosario, Cavite. March 2018 Adviser: Instructor Jovemer V. Agudo.<br/><br/>The study was conducted from August 2017 to March 2018 to develop a learning management system for the CVSU-CCAT Campus Department of Computer Studies. Specifically, the study aimed to: 1) design an Alternative Learning System which is the learning management system; 2) test and evaluate the effectiveness of learning management system using modified ISO-EIC 25010 software evaluation instrument, and 3) install, deploy and implement it to Department of Computer Studies in Cavite State University-CCAT Campus.<br/><br/>In developing the research topic, the developers used the agile model of system development life cycle method. The model planning, analysis, design, evaluation, system implementation and deployment phase<br/><br/>The website was evaluated by 50 participansts composed of IT experts, Web Developers, students and faculty members of CVSU-CCAT Campus. The Iearning management system gained a total score of 4.48/5.0 from web developers suggesting a very satisfactory performance and 4.44/5.0 from end users aiming excellent functionalities.">ESPIRITU, JESSIE JAMES M. AND MEGIO, EVANGELINE L. Development of CVSU-CCAT VIRTUAL LEARNING MANAGEMENT SYSTEM. Design Project. Bachelor of Science in Information Technology. Cavite State University-CCAT Campus, Rosario, Cavite. March 2018 Adviser: Instructor Jovemer V. Agudo.<br/><br/>The study was conducted from August 2017 to March 2018 to develop a learning management system for the CVSU-CCAT Campus Department of Computer Studies. Specifically, the study aimed to: 1) design an Alternative Learning System which is the learning management system; 2) test and evaluate the effectiveness of learning management system using modified ISO-EIC 25010 software evaluation instrument, and 3) install, deploy and implement it to Department of Computer Studies in Cavite State University-CCAT Campus.<br/><br/>In developing the research topic, the developers used the agile model of system development life cycle method. The model planning, analysis, design, evaluation, system implementation and deployment phase<br/><br/>The website was evaluated by 50 participansts composed of IT experts, Web Developers, students and faculty members of CVSU-CCAT Campus. The Iearning management system gained a total score of 4.48/5.0 from web developers suggesting a very satisfactory performance and 4.44/5.0 from end users aiming excellent functionalities.</a>
546 ## - LANGUAGE NOTE
Language note En English text
650 ## - SUBJECT ADDED ENTRY--TOPICAL TERM
Topical term or geographic name entry element Internet in higher education.
9 (RLIN) 12710
650 ## - SUBJECT ADDED ENTRY--TOPICAL TERM
Topical term or geographic name entry element Web-based instruction -- Design.
9 (RLIN) 12711
650 ## - SUBJECT ADDED ENTRY--TOPICAL TERM
Topical term or geographic name entry element Instructional systems -- Technological innovations.
9 (RLIN) 12712
650 ## - SUBJECT ADDED ENTRY--TOPICAL TERM
Topical term or geographic name entry element Learning.
9 (RLIN) 3928
650 ## - SUBJECT ADDED ENTRY--TOPICAL TERM
Topical term or geographic name entry element Learning Management System.
9 (RLIN) 12713
650 ## - SUBJECT ADDED ENTRY--TOPICAL TERM
Topical term or geographic name entry element Virtual learning.
9 (RLIN) 12714
700 ## - ADDED ENTRY--PERSONAL NAME
Personal name Megio, Evangelene L., author
9 (RLIN) 11940
700 ## - ADDED ENTRY--PERSONAL NAME
Personal name Agudo, Jovemer V., adviser.
9 (RLIN) 11866
700 ## - ADDED ENTRY--PERSONAL NAME
Personal name Abad, Jenerry Y., technical critic.
9 (RLIN) 11888
942 ## - ADDED ENTRY ELEMENTS (KOHA)
Source of classification or shelving scheme Library of Congress Classification
Koha item type Thesis/Manuscripts/Dissertations
Classification part LB 2395.7 Es87 2018
Call number prefix UM
Holdings
Withdrawn status Lost status Source of classification or shelving scheme Damaged status Not for loan Collection code Home library Current library Shelving location Date acquired Coded location qualifier Full call number Barcode Date last seen Copy number Price effective from Koha item type
    Library of Congress Classification     Thesis/Manuscript/Dissertation Cavite State University - CCAT Campus Cavite State University - CCAT Campus TH 10/17/2018 UM UM LB 2395.7 Es87 2018 T0004275 10/24/2025 1 05/06/2024 Thesis/Manuscripts/Dissertations